El Instituto de Investigación en Educación (INIE): Una mirada en retrospectiva /
| Hlavní autor: | |
|---|---|
| Médium: | Kniha |
| Jazyk: | španělština |
| Vydáno: |
[San José, Costa Rica] :
INIE,
2008
|
| Témata: |
MARC
| LEADER | 00000nam a22000007a 4500 | ||
|---|---|---|---|
| 001 | 0 | ||
| 008 | 221209b2008 a|||| |||| 00| | spa d | ||
| 090 | |a 05.01.01 |b 801 | ||
| 100 | |9 4827 |a Montero Mora, Andrea | ||
| 245 | |a El Instituto de Investigación en Educación (INIE): Una mirada en retrospectiva / |c Andrea Montero Mora | ||
| 260 | |a [San José, Costa Rica] : |b INIE, |c 2008 | ||
| 300 | |a 118 páginas; |b ilustraciones | ||
| 610 | 1 | 4 | |9 153 |a INSTITUTO DE INVESTIGACIÓN EN EDUCACIÓN |
| 650 | 1 | 4 | |9 3990 |a ANÁLISIS HISTÓRICO |
| 942 | |i 003500 |h 05.01.01 801 |2 z |c 04 | ||
| 999 | |c 3984 |d 3984 | ||
